| 000 | 00809nam a2200217Ia 4500 | ||
|---|---|---|---|
| 003 | GCL | ||
| 008 | 140319s9999 xx 000 0 ara d | ||
| 040 |
_aGCL / _cGCL |
||
| 082 | 0 | 4 |
_a811.4 _bع ش |
| 100 | 1 | _aحسين عطوان | |
| 245 | 1 | 0 |
_aشعر على بن جبلة : _bالملقب بالعكوك ( 160 - 213 هـ ) / _cحسين عطوان |
| 700 | 1 | _aالعكوك : ابو الحسن على بن جلبة بن مسلم بن عبدالرحمن | |
| 260 |
_aالقاهرة : _bدار المعارف ، _c1982 |
||
| 300 |
_a144 ص ؛ _c25 سم |
||
| 490 |
_aذخائر العرب _v48 |
||
| 650 | 0 | 4 | _aالشعر العربى |
| 650 | 0 | 4 | _aالادب العربى |
| 650 | 0 | 4 | _aعلى بن جبلة |
| 650 | 0 | 4 | _aالشعر العربى - العصر العباسى الاول |
| 942 |
_2ddc _cBK |
||
| 999 |
_c32968 _d32968 |
||